000
00191 a2200097 4500
020
_a
9781368021340
041
_a
spa
100
_a
Willems, Mo
245
_a
Puedo jugar yo tambien
942
_c
BK
999
_c
30442
_d
30440